| 000 | 00460ntaaa2200193 4500 | ||
|---|---|---|---|
| 003 | 01 | ||
| 005 | 20251027202434.0 | ||
| 008 | 0714s1973 ag 01 | ||
| 040 |
_aAR-BaBN _bspa _cAR-BaBN _eaacr _dRIC |
||
| 082 | _a265.7000 P34 | ||
| 100 |
_aPeddie, J. Cameron _923264 |
||
| 245 | _aThe forgotten talent | ||
| 250 | _a1 ed. | ||
| 260 |
_aLondon : _bCollins, _cc1961 |
||
| 300 | _a126 p. | ||
| 500 | _aministerio de sanidad | ||
| 650 | _aSanidad | ||
| 942 | _cBK | ||
| 999 |
_c19365 _d19365 |
||